000 00457nam a2200157Ia 4500
001 9801
008 161004s1992 ii a g b000 u 465 u
082 _a297.4
100 _aBhatnagar, R.S. .
245 0 _aDimensions of Classical Sufi Thought /
_cR.S. Bhatnagar.
_hTextual Documents
250 _a1st ed /
260 _aDelhi :
_bMotilal Banarsidass Publishers ,
_c1992.
300 _a241p. :
_bill. ;
_c22cm. .
653 _aReligion, Islam
942 _2ddc
_cBK
999 _c9788
_d9788